| 000 | 00706nam a2200265Ia 4500 | ||
|---|---|---|---|
| 001 | 7639 | ||
| 005 | 20240113234026.0 | ||
| 007 | ta | ||
| 008 | 050711s1970 g b000 u hin u | ||
| 020 | _cHB | ||
| 040 | _aCotton College Assam | ||
| 041 | _ahin | ||
| 082 |
_a491.43 _bM 697 B |
||
| 100 | _aMishra, Ramkumari . | ||
| 245 | 0 |
_aBihari Satsai ka Bhasha-Vaigyanik Adhayan / _cRamkumari Mishra. _hTextual Documents |
|
| 250 | _a1st ed. / | ||
| 260 |
_aAllahabad : _bLok Bharati Prakashan , _c1970. |
||
| 300 |
_a175p. ; _c21cm. |
||
| 653 | _aHindi literature | ||
| 653 | _aHindi language-Grammar | ||
| 653 | _aMS-Hindi | ||
| 942 |
_2ddc _cBK |
||
| 999 |
_c7626 _d7626 |
||